Избранные произведения : (Record no. 269622)
[ view plain ]
| 000 -LEADER | |
|---|---|
| fixed length control field | 01183nam a2200229 u 4500 |
| 001 - CONTROL NUMBER | |
| control field | 000729236 |
| 003 - CONTROL NUMBER IDENTIFIER | |
| control field | AM-YeHGA |
| 005 - DATE AND TIME OF LATEST TRANSACTION | |
| control field | 20250618073744.0 |
| 008 - FIXED-LENGTH DATA ELEMENTS--GENERAL INFORMATION | |
| fixed length control field | 100419s1985 |||| |||||||||||||rus d |
| 040 ## - CATALOGING SOURCE | |
| Original cataloging agency | AM-YeHGA |
| 041 1# - LANGUAGE CODE | |
| Language code of text/sound track or separate title | rus |
| Language code of original | eng |
| 090 ## - LOCALLY ASSIGNED LC-TYPE CALL NUMBER (OCLC); LOCAL CALL NUMBER (RLIN) | |
| -- | 271259 |
| 100 1# - MAIN ENTRY--PERSONAL NAME | |
| Personal name | Մոեմ, Սոմերսեթ, |
| Dates associated with a name | 1874-1965 |
| 9 (RLIN) | 8655 |
| 245 10 - TITLE STATEMENT | |
| Title | Избранные произведения : |
| Remainder of title | В 2-х т. : Пер. с англ. / |
| Statement of responsibility, etc. | Сомерсет Моэм; Сост. и предисл. В. Скороденко; Ред. Н. Кристальная. |
| 260 ## - PUBLICATION, DISTRIBUTION, ETC. | |
| Place of publication, distribution, etc. | Москва : |
| Name of publisher, distributor, etc. | Радуга, |
| Date of publication, distribution, etc. | 1985. |
| 300 ## - PHYSICAL DESCRIPTION | |
| Extent | т. ; |
| Dimensions | 22 см. |
| 440 #0 - SERIES STATEMENT/ADDED ENTRY--TITLE | |
| Title | Библиотечная серия |
| 505 00 - FORMATTED CONTENTS NOTE | |
| Miscellaneous information | Т. 1 (1985, 560 с.) : |
| Title | Луна и грош : Роман ; Узорный покров : Роман ; Подводя итоги |
| Miscellaneous information | Т. 2 (1985, 736 с.) : |
| Title | Острие бритвы : Роман ; Рассказы |
| 650 14 - SUBJECT ADDED ENTRY--TOPICAL TERM | |
| Topical term or geographic name entry element | Английская литература |
| General subdivision | Избранные произведения |
| 700 1# - ADDED ENTRY--PERSONAL NAME | |
| Personal name | Скороденко, Владимир Андреевич |
| Relator term | сост. |
| Relationship | com |
| Relator term | авт. предисл. |
| Relationship | aui |
| 700 1# - ADDED ENTRY--PERSONAL NAME | |
| Personal name | Кристальная, Н. |
| Relator term | ред. |
| Relationship | edt |
| Withdrawn status | Lost status | Damaged status | Not for loan | Collection | Home library | Current library | Date acquired | Serial enumeration / chronology | Total checkouts | Full call number | Barcode | Date last seen | Price effective from | Koha item type | Public note |
|---|---|---|---|---|---|---|---|---|---|---|---|---|---|---|---|
| General | Fundamental Scientific Library | Fundamental Scientific Library | 29/12/2016 | Т. 1 | PII/526184 | FL0179830 | 29/12/2016 | 29/12/2016 | Գրքեր / Books | 30 Days Loan |
ՀՀ Գիտությունների ազգային ակադեմիայի հիմնարար գիտական գրադարան = Fundamental Scientific Library of NAS RA
All site content, except where otherwise noted, is licensed under a